00657 a2200193 4500010001400000020002200014035001300036037001500049082001100064090001700075100001600092245005800108260004200166270005800208300002400266942002600290999001700316952013000333 aENG-90136 a8128815180c95.00 aEN-73669 bDBAD / PUB14a230.31 c12509d125091 aSigi, Rekha1 aSri Krishna:cby Rekha Sigibthe ascetic( biography)/ aNew DelhibDiamond Pocket Booksc2007 aX-30, Okhla Indl. Area, Phase-II,bNew Delhie110 020 a152p.c22 cm (pbk) adplcENk230.31 / SIG c12149d12149 00102ddc40718NFICaDBADbDBADeDBAD/PUBg95.00l0o230.31pEN-73669r2008-09-15 00:00:00t1u13310v95.00w2008-09-15yEN